| Tag |
First Indicator |
Second Indicator |
Subfields |
| LEADER |
00000nam a2200000Ia 4500 |
| 001 |
in00004301521 |
| 005 |
20200810085218.0 |
| 006 |
m g d |
| 007 |
cr bn |||a|bb| |
| 008 |
861103s1693 enk o 00| | eng d |
| 035 |
|
|
|a (OCoLC)14627700
|
| 040 |
|
|
|a EAG
|c EAG
|d m/c
|d UMI
|d WaOLN
|
| 037 |
|
|
|a CL0037000035
|b ProQuest Information and Learning. 300 N. Zeeb Rd., Ann Arbor, MI 48106
|
| 090 |
|
|
|a PR1241
|b .W74
|
| 049 |
|
|
|a UMIA
|
| 100 |
1 |
|
|a Wright, Thomas,
|d fl. 1693.
|
| 245 |
1 |
4 |
|a The female vertuoso's :
|b a comedy : as it is acted at the Queen's Theatre, by Their Majesties servants /
|c written by Mr. Thomas Wright.
|
| 260 |
|
|
|a London :
|b Printed by J. Wilde for R. Vincent ...,
|c 1693.
|
| 300 |
|
|
|a 1 online resource ([8], 52 pages)
|
| 336 |
|
|
|a text
|b txt
|2 rdacontent
|
| 337 |
|
|
|a computer
|b c
|2 rdamedia
|
| 338 |
|
|
|a online resource
|b cr
|2 rdacarrier
|
| 500 |
|
|
|a In part an adaptation of Molière's "Les femmes savan'tes."
|
| 500 |
|
|
|a Reproduction of original in the Huntington Library.
|
| 510 |
4 |
|
|a Wing
|c W3711
|
| 533 |
|
|
|a Electronic reproduction.
|b Ann Arbor, Mich. :
|c UMI,
|d 1999-
|f (Early English books online)
|n Digital version of: (Early English books, 1641-1700 ; 1082:11)
|7 s1999 miun s
|
| 700 |
1 |
|
|a Molière,
|d 1622-1673.
|t Femmes savantes.
|
| 830 |
|
0 |
|a Early English books online.
|
| 856 |
4 |
0 |
|u http://proxy.library.tamu.edu/login?url=https://search.proquest.com/docview/2240888489
|z Connect to the full text of this electronic book
|t 0
|
| 999 |
f |
f |
|s 8806827b-8428-368e-a869-e25277c6de7a
|i 2b50b575-c366-3bda-80a6-84232739c108
|t 0
|
| 952 |
f |
f |
|a Texas A&M University
|b College Station
|c Electronic Resources
|d Available Online
|t 0
|e PR1241 .W74
|h Library of Congress classification
|
| 998 |
f |
f |
|a PR1241 .W74
|t 0
|l Available Online
|